Safe /

When a second-rate cage fighter, Luke Wright, is tormented by the Russian Mafia and wanders the streets of New York, he witnesses a young Chinese girl, Mei, being pursued by the same mafia who want her for a priceless numerical code that they would kill for.

Bibliographic Details
Corporate Authors: Lions Gate Entertainment (Firm), IM Global (Firm), Lions Gate Films (Santa Monica, Calif.), Automatik (Firm)
Other Authors: Statham, Jason, 1967- (Actor), Chan, Catherine (Actress) (Actor), Burke, Robert (Robert John) (Actor), Hong, James (Actor), Mount, Anson, 1973- (Actor), Sarandon, Chris (Actor), Bender, Lawrence (Producer), Brunetti, Dana (Producer), Yakin, Boaz (Screenwriter, Director)
Format: Video DVD
Language:English
Language Notes:Dialogue in English, optional subtitles in English or Spanish. Closed-captioned.
Published: Santa Monica, Calif. : Lions Gate Entertainment, [2012]
Subjects:

MARC

Tag First Indicator Second Indicator Subfields
LEADER 00000cgm a2200000Ia 4500
001 in00002781201
005 20210116063122.0
007 vd cvaizq
008 120706p20122011cau095 e vleng d
024 1 0 |a 031398156246 
028 4 2 |a 32788  |b Lions Gate Entertainment 
035 |a (OCoLC)ocn798373237 
035 |a (OCoLC)798373237 
040 |a LPU  |c LPU  |d BDX  |d TEF  |d MR0  |d BKX  |d GK8  |d GO3  |d CGL  |d UtOrBLW 
041 1 |a eng  |j eng  |j spa  |h eng 
049 |a TXAM 
050 4 |a PN1997.2  |b .S24 2012 
082 0 4 |a 791.43/72  |2 23 
090 |a PN1995.9.S87  |b S245 2012 
245 0 0 |a Safe /  |c Lionsgate and IM Global present, in association with Automatik ; produced by Lawrence Bender, Dana Brunetti ; written and directed by Boaz Yakin. 
257 |a United States.  |2 naf 
264 1 |a Santa Monica, Calif. :  |b Lions Gate Entertainment,  |c [2012] 
300 |a 1 videodisc (approximately 95 min.) :  |b sound, color ;  |c 4 3/4 in. 
336 |a two-dimensional moving image  |b tdi  |2 rdacontent 
337 |a video  |b v  |2 rdamedia 
338 |a videodisc  |b vd  |2 rdacarrier 
538 |a DVD; region 1; widescreen (2.35:1) presentation; Dolby Digital EX 5.1 surround. 
546 |a Dialogue in English, optional subtitles in English or Spanish. Closed-captioned. 
511 1 |a Jason Statham, Catherine Chan, Robert John Burke, James Hong, Anson Mount, Chris Sarandon. 
508 |a Music, Mark Mothersbaugh ; editor, Frederic Thoraval ; director of photography, Stefan Czapsky. 
500 |a Originally released as a motion picture in 2011. 
521 8 |a MPAA rating: R; for strong violence throughout, and for language. 
520 |a When a second-rate cage fighter, Luke Wright, is tormented by the Russian Mafia and wanders the streets of New York, he witnesses a young Chinese girl, Mei, being pursued by the same mafia who want her for a priceless numerical code that they would kill for. 
500 |a Special features: Director commentary ; cracking Safe ; criminal battleground ; the art of the gunfight. 
500 |a Videorecording. 
650 0 |a Gangsters  |v Drama. 
650 0 |a Ciphers  |v Drama. 
655 7 |a Action and adventure films.  |2 lcgft 
655 7 |a Thrillers (Motion pictures)  |2 lcgft 
655 7 |a Feature films.  |2 lcgft 
655 7 |a Fiction films.  |2 lcgft 
655 7 |a Video recordings for the hearing impaired.  |2 lcgft 
700 1 |a Statham, Jason,  |d 1967-  |e actor. 
700 1 |a Chan, Catherine  |c (Actress),  |e actor. 
700 1 |a Burke, Robert  |q (Robert John),  |e actor. 
700 1 |a Hong, James,  |e actor. 
700 1 |a Mount, Anson,  |d 1973-  |e actor. 
700 1 |a Sarandon, Chris,  |e actor. 
700 1 |a Bender, Lawrence,  |e producer. 
700 1 |a Brunetti, Dana,  |e producer. 
700 1 |a Yakin, Boaz,  |e screenwriter,  |e director. 
710 2 |a Lions Gate Entertainment (Firm) 
710 2 |a IM Global (Firm) 
710 2 |a Lions Gate Films (Santa Monica, Calif.) 
710 2 |a Automatik (Firm) 
994 |a C0  |b TXA 
948 |a cataloged  |b h  |c 2012/10/2  |d c  |e blrosas  |f 2:53:22 pm 
999 |a MARS 
999 f f |s 9aeafd24-ba86-3358-a400-09cd40fe77f2  |i d41f3c84-cd95-3c6b-afb5-9f3cf48ed094  |t 0 
952 f f |p dvd  |a Texas A&M University  |b College Station  |c Sterling C. Evans Library  |d Evans: Media and Reserves (Annex 1st floor)  |t 0  |e PN1995.9.S87 S245 2012  |h Library of Congress classification  |i video -- videodisc  |m A14841529109 
998 f f |a PN1995.9.S87 S245 2012  |t 0  |l Evans: Media and Reserves (Annex 1st floor)